| 000 | 00839cam a22002414a 4500 | ||
|---|---|---|---|
| 001 | 14630808 | ||
| 005 | 20250223084826.0 | ||
| 008 | 061108s2007 paua b 001 0 eng | ||
| 020 | _a9781416024507 | ||
| 020 | _a1416024506 | ||
| 050 | 0 | 0 |
_aRJ45 _b.N4 2007 |
| 082 | 0 | 0 |
_a618.92 _222 |
| 245 | 0 | 0 |
_aNelson textbook of pediatrics. _c[edited by] Robert M. Kliegman ... [et al.]. |
| 250 |
_a18th ed. / _b[edited by] Robert M. Kliegman ... [et al.]. |
||
| 260 |
_aPhiladelphia : _bSaunders/Elsevier, _cc2007. |
||
| 300 |
_alii, 3147 p. : _bill. (some col.) ; _c29 cm. |
||
| 650 | 0 | _aPediatrics. | |
| 650 | 1 | 2 | _aPediatrics. |
| 700 | 1 | _aKliegman, Robert. | |
| 700 | 1 |
_aNelson, Waldo E. _q(Waldo Emerson), _d1898-1997. |
|
| 856 | 4 | 1 |
_3Table of contents only _uhttp://www.loc.gov/catdir/toc/ecip074/2006037517.html |
| 942 |
_2lcc _cBK _e18th ed. _n0 |
||
| 999 |
_c4153 _d4153 |
||